Why godse killed gandhi? (Record no. 29160)
[ view plain ]
| 000 -LEADER | |
|---|---|
| fixed length control field | 00475nam a22001817a 4500 |
| 003 - CONTROL NUMBER IDENTIFIER | |
| control field | OSt |
| 005 - DATE AND TIME OF LATEST TRANSACTION | |
| control field | 20260307122721.0 |
| 008 - FIXED-LENGTH DATA ELEMENTS--GENERAL INFORMATION | |
| fixed length control field | 260307b |||||||| |||| 00| 0 eng d |
| 020 ## - INTERNATIONAL STANDARD BOOK NUMBER | |
| International Standard Book Number | 9788121212977 |
| 082 ## - DEWEY DECIMAL CLASSIFICATION NUMBER | |
| Classification number | 954.035 |
| Item number | R13W |
| 100 ## - MAIN ENTRY--PERSONAL NAME | |
| Personal name | Rajshekar, V. T. |
| 245 ## - TITLE STATEMENT | |
| Title | Why godse killed gandhi? |
| Statement of responsibility, etc | By V. T. Rajshekar |
| 260 ## - PUBLICATION, DISTRIBUTION, ETC. (IMPRINT) | |
| Place of publication, distribution, etc | Delhi |
| Name of publisher, distributor, etc | Gyan publishing house |
| Date of publication, distribution, etc | 2015 |
| 300 ## - PHYSICAL DESCRIPTION | |
| Extent | 100p. |
| Other physical details | PB |
| 653 ## - INDEX TERM--UNCONTROLLED | |
| Uncontrolled term | General collection |
| 653 ## - INDEX TERM--UNCONTROLLED | |
| Uncontrolled term | Mahatma gandhi |
| 942 ## - ADDED ENTRY ELEMENTS (KOHA) | |
| Source of classification or shelving scheme | Dewey Decimal Classification |
| Koha item type | Books |
| Withdrawn status | Lost status | Source of classification or shelving scheme | Damaged status | Not for loan | Collection code | Home library | Current library | Department | Date acquired | Cost, normal purchase price | Total Checkouts | Full call number | Barcode | Date last seen | Price effective from | Koha item type |
|---|---|---|---|---|---|---|---|---|---|---|---|---|---|---|---|---|
| Dewey Decimal Classification | General Text Book | Central University Of Rajasthan | Central University Of Rajasthan | Central Library(Central Budget) | 07/03/2026 | 350.00 | 954.035 R13W | 047833 | 07/03/2026 | 07/03/2026 | Books |
